000 00407nam a22001577a 4500
005 20251108165918.0
008 250721s9999 xx 000 0 ara d
082 1 4 _aق/مور
100 1 _aمورافيا، البرتو
245 1 0 _aالعصيان /
264 1 _aدمشق :
_bدار أسامة،
_c[19-].
300 _a285ص
650 1 7 _aالأدب القصصي
942 _2ddc
_cBK
999 _c34610
_d34610